[Event "Floripa Chess Open 2024"]
[Site "Florianopolis"]
[Date "2024.01.26"]
[Round "8.100"]
[White "Cabral, Vivian De Paiva"]
[Black "Carvalho, Guillermo"]
[Result "1/2-1/2"]
[WhiteElo "1358"]
[BlackElo "2149"]
[PlyCount "67"]
[EventDate "2024.01.20"]
[EventRounds "10"]
[EventCountry "BRA"]

1. e4 e5 2. Nf3 Nc6 3. Bc4 Nf6 4. d3 Be7 5. a4 O-O 6. O-O a6 ({RR} 6... d5 7.
exd5 Nxd5 8. h3 Kh8 9. Re1 f6 10. a5 a6 11. c3 Be6 12. Qb3 b5 13. axb6 cxb6 14.
Rxa6 Rxa6 15. Bxa6 Ndb4 16. Qxe6 {1-0 (16) Movsesian,S (2723)-Sriram,J (2490)
Pardubice 2010}) 7. Nbd2 ({RR} 7. Nc3 d6 8. Nd5 Nxd5 9. exd5 Nd4 10. Nxd4 exd4
11. Qf3 Bg5 12. Re1 Bd7 13. Bb3 Bf6 14. Bf4 b5 15. a5 Re8 16. h3 h6 17. Rxe8+
Bxe8 18. Re1 Bd7 19. Qg3 Kh7 20. Qf3 Qf8 21. Qe4+ g6 {Rodchenkov,S (2346)
-Vifleemskaia,S (1971) chess.com INT 2023 1-0 (65)}) 7... d6 8. h3 $146 ({RR} 
8. c3 Nd7 9. Bb3 Nc5 10. Bc2 Bg4 11. h3 Bh5 12. Re1 Ne6 13. Nf1 Bg5 14. Ng3
Bxc1 15. Rxc1 Bxf3 16. Qxf3 Qg5 17. Rcd1 g6 18. b4 Kg7 19. a5 Qf4 20. Qe2 Rad8
21. Ba4 Qg5 22. Qf3 Ne7 {Thing,B (2190)-Yarmonov,I (2394) chess.com INT 2021
1-0 (86)}) 8... h6 9. Re1 Nh7 10. c3 Kh8 11. Nf1 Ng5 12. Ne3 f5 13. exf5 Bxf5
14. Nxf5 Rxf5 15. Nxg5 Bxg5 16. Be6 Rf8 17. Bb3 Bxc1 18. Rxc1 Qh4 19. Qd2 Qf4
20. Qc2 Qg5 21. Re3 Rf4 22. Qe2 Raf8 23. Rf1 Ne7 24. Re4 Nf5 25. Rxf4 Qxf4 26.
Qe4 Ng3 27. Qxf4 Ne2+ 28. Kh2 Nxf4 29. Bc2 Nd5 30. Kg1 a5 31. g3 g5 32. Kg2 Kg7
33. Bb3 Ne7 34. Re1 1/2-1/2

[Event "Floripa Chess Open 2024"]
[Site "Florianopolis"]
[Date "2024.01.26"]
[Round "8.101"]
[White "Gattass, Allan"]
[Black "De Resende, Sidnei"]
[Result "1-0"]
[WhiteElo "2225"]
[BlackElo "1666"]
[PlyCount "45"]
[EventDate "2024.01.20"]
[EventRounds "10"]
[EventCountry "BRA"]

1. e4 c5 2. Nf3 d6 3. d4 cxd4 4. Nxd4 Nf6 5. Nc3 a6 6. Bg5 e6 7. f4 Be7 8. Qf3
Qc7 9. O-O-O b5 10. Bxf6 Bxf6 11. Bxb5+ axb5 12. Ndxb5 Qc6 13. Rxd6 Qb7 14.
Rxe6+ Kf8 15. Nd6 fxe6 16. Nxb7 Bxb7 17. Qd3 $146 ({RR} 17. Kb1 Nc6 18. e5 Be7
19. Rd1 Rb8 20. Qh5 g6 21. Qh3 Kf7 22. Rd7 Ke8 23. Qxe6 Bc8 24. Nd5 Bxd7 25.
Nf6+ Kf8 {1-0 (25) Bennion,D-Jones,R Pontardulais 1997}) 17... Kf7 18. Rd1 Bc6
19. e5 Be7 20. f5 Rd8 21. fxe6+ Kxe6 22. Qc4+ Kf5 23. Qf7+ 1-0

[Event "Floripa Chess Open 2024"]
[Site "Florianopolis"]
[Date "2024.01.26"]
[Round "8.102"]
[White "Cunha, Adriano De Jesus Si"]
[Black "Setti, Dalmarino"]
[Result "1-0"]
[WhiteElo "2003"]
[BlackElo "1664"]
[PlyCount "67"]
[EventDate "2024.01.20"]
[EventRounds "10"]
[EventCountry "BRA"]

1. d4 d5 2. Nf3 Nf6 3. c4 e6 4. Nc3 Be7 5. e3 c5 6. cxd5 exd5 7. Bb5+ Bd7 8.
O-O ({RR} 8. Bd3 a6 9. O-O O-O 10. b3 cxd4 11. exd4 Bb4 12. Bb2 Nc6 13. a3 Ba5
14. b4 Bb6 15. Bc2 Bg4 16. Ne2 Bxf3 17. gxf3 Qd7 18. Qd3 Qh3 19. Nf4 Qh4 20.
Ne2 Rfe8 21. Ng3 Bxd4 22. Bxd4 Qxd4 {Landes,L-Pesce Junior,C (1261)
Florianopolis SC 2022 1-0 (48)}) 8... O-O ({RR} 8... Bxb5 9. Nxb5 c4 10. b3 a6
11. Nc3 b5 12. Ne5 O-O 13. bxc4 bxc4 14. Rb1 Qa5 15. Bd2 Qc7 16. Qf3 Rd8 17. e4
Nc6 18. Nxc6 Qxc6 19. e5 Ne4 20. Qe3 Nxc3 21. Bxc3 Rab8 22. f4 f5 23. g4 {
Jaracz,P (2483)-Petrosian,T (2592) ICC INT 2007 0-1 (32)}) 9. dxc5 $146 ({RR} 
9. b3 Bxb5 10. Nxb5 Qa5 11. a4 a6 12. Bb2 Nc6 13. Nc3 Rfd8 14. Ne2 Ne4 15. Rc1
Bf6 16. Nf4 g6 17. Ne5 Bxe5 18. dxe5 d4 19. e6 f5 20. Qc2 Nb4 21. Qe2 d3 22.
Qf3 d2 23. Rc4 b5 {Sullivan,R-Woods,D Boylston 1993 0-1 (54)}) ({RR} 9. Be2 Re8
10. a3 Nc6 11. dxc5 Bxc5 12. b4 Bf8 13. Nxd5 Be6 14. Nxf6+ Qxf6 15. Rb1 Red8
16. Qa4 Rd7 17. Bb2 Qg6 18. Ne5 Nxe5 19. Bxe5 a6 20. b5 Bd5 21. Qg4 Qxg4 22.
Bxg4 Be6 23. Bxe6 fxe6 {Jimenez Bayon,D-Gonzalez Vazquez,F (1782) Oviedo 2008
1-0 (33)}) ({RR} 9. b3 Bxb5 10. Nxb5 Nc6 11. Bb2 a6 12. Na3 Qd7 13. Nc2 Ne4 14.
dxc5 Bxc5 15. Ncd4 Rfd8 16. Rc1 Bd6 17. a3 Ne5 18. Nxe5 Bxe5 19. f3 Nd6 20. Qd3
Qe7 21. f4 Bf6 22. Rf3 Qe4 23. Qd2 Rac8 {Kiselev,V (2039)-Feofanov,A Kemerovo
2011 1/2-1/2 (54)}) 9... Bxb5 10. Nxb5 Bxc5 11. a3 Nc6 12. b4 Bb6 13. Bb2 a6
14. Nbd4 Nxd4 15. Nxd4 Qd6 16. Nf5 Qe6 17. Qf3 Ne4 18. Qg4 g5 19. h4 Bd8 20.
hxg5 Re8 21. Rfd1 Rc8 22. Rac1 Rc6 23. Rxc6 bxc6 24. Bd4 Qg6 25. f4 Re6 26.
Nh6+ Kf8 27. f5 Qxg5 28. Qxg5 Bxg5 29. fxe6 Bxh6 30. Rf1 f6 31. Rc1 c5 32. bxc5
Ke7 33. c6 Kxe6 34. c7 1-0

[Event "Floripa Chess Open 2024"]
[Site "Florianopolis"]
[Date "2024.01.26"]
[Round "8.103"]
[White "Cordioli, Jairo Ribeiro"]
[Black "Silva, Adriano Da"]
[Result "1-0"]
[WhiteElo "1703"]
[BlackElo "1926"]
[PlyCount "60"]
[EventDate "2024.01.20"]
[EventRounds "10"]
[EventCountry "BRA"]

1. d4 Nf6 2. c4 e6 3. Nc3 Bb4 4. Nf3 b6 5. Bg5 Bb7 6. e3 h6 7. Bh4 d6 8. Bd3
Bxc3+ 9. bxc3 Nbd7 10. O-O c5 ({RR} 10... g5 11. Bg3 Rg8 12. Qe2 Qe7 13. e4 e5
14. c5 Kf8 15. cxd6 cxd6 16. Rfe1 Rg6 17. Nd2 h5 18. h4 gxh4 19. Bxh4 Qe6 20.
d5 Qg4 21. Qxg4 hxg4 22. Nc4 Nc5 23. Bc2 Ng8 24. Ne3 Bc8 25. a4 {Campos Moreno,
J (2455)-Damljanovic,B (2575) Zaragoza 1995 0-1 (33)}) ({RR} 10... e5 11. Bf5
e4 12. Nd2 Qe7 13. Qc2 g5 14. Bg3 h5 15. h4 Rg8 16. hxg5 Rxg5 17. Bh3 Rg6 18.
Bh4 O-O-O 19. Bf5 Rg7 20. d5 Qe5 21. Nxe4 Rdg8 22. g3 Nxe4 23. Qxe4 Qxe4 24.
Bxe4 Rg4 25. Bg2 {Kanyamarala,T (2278)-Fiorito,F (2299) chess.com INT 2023 0-1
(35)}) 11. Nd2 e5 $146 ({RR} 11... Qc7 12. e4 cxd4 13. cxd4 e5 14. Re1 O-O 15.
Rc1 Rfe8 16. f3 Nh5 17. Nf1 exd4 18. Bf2 Nf4 19. Bxd4 f5 20. exf5 Rxe1 21. Qxe1
Nxd3 22. Qe6+ Kf8 23. Bxg7+ Kxg7 24. Qg6+ Kf8 25. Qxh6+ Ke7 26. Qe6+ {Pedersen,
S (2390)-Balashov,Y (2545) Aalborg 1993 1-0 (44)}) 12. Ne4 Qc7 13. f4 O-O-O 14.
fxe5 dxe5 15. d5 Kb8 16. a4 g5 17. Bg3 a5 18. Qf3 g4 19. Qf5 Nxe4 20. Bxe4 f6
21. Qxg4 Rdg8 22. Qh4 Rg5 23. Bf5 Nf8 24. Rab1 Ka7 25. Qe4 Rhg8 26. Rf2 Ng6 27.
Rfb2 h5 28. Rxb6 Rf8 29. R6b5 Ka6 30. Bxg6 Qg7 1-0

[Event "Floripa Chess Open 2024"]
[Site "Florianopolis"]
[Date "2024.01.26"]
[Round "8.104"]
[White "Dias, Matheus Nunes"]
[Black "Da Silva, Eduardo Batista Q"]
[Result "1/2-1/2"]
[WhiteElo "1684"]
[BlackElo "1905"]
[PlyCount "92"]
[EventDate "2024.01.20"]
[EventRounds "10"]
[EventCountry "BRA"]

1. d4 Nf6 2. c4 g6 3. Nc3 Bg7 4. e4 d6 5. Nf3 O-O 6. Be2 e5 7. O-O Nc6 8. d5
Ne7 9. b4 a5 10. bxa5 c5 11. dxc6 bxc6 12. Bg5 ({RR} 12. Rb1 Rxa5 13. Be3 c5
14. Rb5 Nc6 15. Rxa5 Qxa5 16. Qxd6 Nd4 17. Bxd4 cxd4 18. Nd5 Nxe4 19. Ne7+ Kh8
20. Qc6 Nc3 21. Nxc8 Nxe2+ 22. Kh1 Nc3 23. Nd6 h6 24. h4 Qxa2 25. Nxe5 Bxe5 26.
Nxf7+ Rxf7 {Suba,M (2471)-Timoshenko,G (2572) Brasov 2011 0-1 (37)}) ({RR} 12.
a4 h6 13. Ba3 c5 14. Nd2 Nc6 15. Nb5 Nd4 16. Nxd4 exd4 17. f4 Re8 18. Bf3 Rxa5
19. e5 Nd7 20. exd6 Qb6 21. f5 gxf5 22. Bd5 Qxd6 23. Qh5 Rf8 24. Qxf5 Nf6 25.
Ne4 Bxf5 26. Nxd6 Bd3 {Castaner Halster,X (2027)-Cheng,B (2540) Barcelona ESP
2022 0-1 (34)}) 12... Rxa5 13. Qd2 $146 ({RR} 13. Bxf6 Bxf6 14. Rb1 d5 15. cxd5
cxd5 16. exd5 Nxd5 17. Nxd5 Rxd5 18. Qb3 e4 19. Bc4 Rh5 20. Ne1 Qc7 21. g3 Rc5
22. Be2 Be6 23. Qa4 Bd5 24. Ng2 Ra8 25. Qb4 Rxa2 26. Nf4 Ba8 27. Qb3 Rcc2 {
Raeber,M (2515)-Istratescu,A (2110) Luzern 1994 0-1 (35)}) ({RR} 13. Qb3 Qc7
14. Be3 Ra8 15. Rfd1 Rb8 16. Qa3 Rd8 17. Rab1 Rxb1 18. Rxb1 c5 19. Bg5 Be6 20.
Bxf6 Bxf6 21. Nd5 Nxd5 22. cxd5 Bg4 23. h3 Bxf3 24. Qxf3 Bh4 25. Rb5 Rb8 26.
Qb3 Rxb5 27. Qxb5 Bd8 {Kamberi,S (2374)-Dokoutchaev,A (2235) Dallas 2000 1/2-1/
2 (37)}) 13... Ra7 14. a4 Ne8 15. Rfb1 f6 16. Be3 Rb7 17. a5 Rxb1+ 18. Nxb1 Be6
19. a6 Qa8 20. Bb6 Nc8 21. Qb4 Rf7 22. c5 Bf8 23. Bc4 dxc5 24. Bxc5 Bxc5 25.
Qxc5 Bxc4 26. Qxc4 Kg7 27. Nc3 Nc7 28. Nd2 Rd7 29. Nb3 Na7 30. Qc5 Nab5 31. Rd1
Rxd1+ 32. Nxd1 Qd8 33. Ne3 Nxa6 34. Qxc6 Nac7 35. Nd5 Nxd5 36. exd5 Nd4 37.
Qb7+ Kh6 38. h3 Ne2+ 39. Kh2 Nc3 40. Qc6 Nxd5 41. Nc5 Nc7 42. Ne4 Kg7 43. Nxf6
Qxf6 44. Qxc7+ Kg8 45. Qc8+ Kg7 46. Qd7+ Kg8 1/2-1/2

[Event "Floripa Chess Open 2024"]
[Site "Florianopolis"]
[Date "2024.01.26"]
[Round "8.106"]
[White "Da Silva De Sena, Jefferson Ryan F"]
[Black "Da Silva, Esequiel Luis Melo"]
[Result "0-1"]
[WhiteElo "1867"]
[BlackElo "1647"]
[PlyCount "51"]
[EventDate "2024.01.20"]
[EventRounds "10"]
[EventCountry "BRA"]

1. e4 e6 2. Nf3 d5 3. exd5 exd5 4. d4 Bd6 5. Bd3 Ne7 6. Nc3 c6 7. Ne2 Bf5 8.
Ng3 ({RR} 8. Bf4 Bxf4 9. Nxf4 Nd7 10. O-O O-O 11. Bxf5 Nxf5 12. Qd3 Nd6 13.
Rfe1 Re8 14. Rxe8+ Qxe8 15. Re1 Qf8 16. Nd2 Re8 17. Rxe8 Qxe8 18. Qe2 Qxe2 19.
Nxe2 Kf8 20. f3 Ke7 21. Nb1 {1/2-1/2 (21) Sermek,D (2535)-Kovacevic,A (2581)
Murska Sobota 2008}) ({RR} 8. Bf4 O-O 9. O-O Qc7 10. Bxd6 Qxd6 11. Ng3 Bxd3 12.
Qxd3 Nd7 13. Rae1 Ng6 14. Re3 Rfe8 15. Rfe1 Rxe3 16. Qxe3 Nf6 17. h4 Re8 18.
Qxe8+ Nxe8 19. Rxe8+ Qf8 20. Rxf8+ Kxf8 21. Nf5 b6 22. Ne5 Nf4 {Mihelic,V  
(2102)-Gasimova,S (1860) Montesilvano ITA 2023 1-0 (32)}) 8... Bxd3 9. Qxd3 Na6
$146 ({RR} 9... Nd7 10. Nh5 g6 11. Ng7+ Kf8 12. Bh6 Qa5+ 13. c3 Kg8 14. Ng5 Bf4
15. Qh3 Bxg5 16. Bxg5 Kxg7 17. Bh6+ Kg8 18. Qxd7 Nf5 19. Bf4 Nxd4 20. Be5 Nc2+
21. Kd2 Nxa1 22. Bxh8 d4 23. Bxd4 Rd8 24. Qg4 {Waruga,W (2017)-Paluch,A (1677)
Pszczyna 2008 0-1}) ({RR} 9... Nd7 10. O-O Qc7 11. Ng5 f6 12. Ne6 Qb6 13. Nxg7+
Kd8 14. N3f5 Nxf5 15. Nxf5 Bc7 16. Nh6 Kc8 17. c3 c5 18. Nf7 Rg8 19. Qxh7 Re8
20. dxc5 Nxc5 21. Be3 Bb8 22. b4 Qc7 23. Bxc5 Re6 24. g3 {Steimbach,I (975)
-Polert,A Willingen 2006 1-0 (45)}) 10. c3 f6 11. h4 Qd7 12. Bd2 Bxg3 13. fxg3
Qe6+ 14. Kf2 Qf5 15. Qxf5 Nxf5 16. Rhe1+ Kf7 17. Bf4 Rae8 18. g4 Ne7 19. g5 Ng6
20. Bd6 Re6 21. Bg3 Rhe8 22. Rxe6 Rxe6 23. gxf6 gxf6 24. b4 Ne7 25. a4 f5 26.
Bf4 0-1

[Event "Floripa Chess Open 2024"]
[Site "Florianopolis"]
[Date "2024.01.26"]
[Round "8.107"]
[White "Fischer, Ivo Lucio"]
[Black "Vaz, Osvaldo Jose"]
[Result "1-0"]
[WhiteElo "1860"]
[BlackElo "1627"]
[PlyCount "83"]
[EventDate "2024.01.20"]
[EventRounds "10"]
[EventCountry "BRA"]

1. d4 Nf6 2. c4 g6 3. Nc3 d5 4. cxd5 Nxd5 5. e4 Nxc3 6. bxc3 Bg7 7. Be3 c5 8.
Qd2 Qa5 9. Rc1 O-O 10. d5 Rd8 11. Nf3 Nc6 12. Bd3 e6 ({RR} 12... b6 13. h4 e6
14. Bg5 f6 15. Be3 exd5 16. exd5 Ne7 17. c4 Qxd2+ 18. Kxd2 Nf5 19. Bf4 Bf8 20.
Rhe1 Bd6 21. Bxd6 Nxd6 22. Re7 Bg4 23. Rce1 Re8 24. a4 a6 25. Rc7 Rxe1 26. Nxe1
b5 27. Rc6 {Sarana,A (2670)-Timofeev,A (2571) chess.com INT 2022 0-1 (91)}) 13.
c4 ({RR} 13. Bg5 exd5 14. Bxd8 Qxd8 15. exd5 Qxd5 16. Be2 Qxd2+ 17. Nxd2 Be6
18. Bc4 Bxc4 19. Nxc4 Re8+ 20. Kd1 b5 21. Ne3 Ne5 22. Kc2 c4 23. Rb1 a6 24. a4
Nd3 25. axb5 axb5 26. Rxb5 Nxf2 27. Rf1 Ne4 {Kulpruethanon,T (2294)
-Wojciechowski,P (1944) Chennai IND 2022 1-0 (62)}) 13... Nb4 14. Bb1 exd5 15.
exd5 $146 ({RR} 15. cxd5 b6 16. O-O f5 17. Bg5 Rd7 18. d6 fxe4 19. Bxe4 Rb8 20.
Bd5+ Kh8 21. Be6 Rdb7 22. d7 Bxd7 23. Bxd7 Qxa2 24. Qd6 Qb2 25. Rb1 Qc3 26.
Rbd1 a5 27. Rfe1 Rf8 28. Ne5 Nc2 29. Nf7+ Kg8 {Graf,J (2171)-Varain,E (2077)
Obertsdorf 2002 1-0 (33)}) 15... b6 16. O-O Bg4 17. Ng5 Qa3 18. h3 Bf5 19. Bxf5
gxf5 20. Qe2 h6 21. Nf3 Re8 22. Qd2 Kh7 23. Nh4 Qd3 24. Qxd3 Nxd3 25. Rcd1 Nb2
26. Rc1 Nd3 27. Rc2 f4 28. Bc1 Nb4 29. Rd2 Re4 30. a3 Na6 31. Rc2 Nc7 32. Nf5
Ne8 33. f3 Re5 34. Nxg7 Nxg7 35. Bxf4 Ree8 36. Kf2 Nf5 37. Re2 Nd4 38. Rxe8
Rxe8 39. Re1 Rxe1 40. Kxe1 Nc2+ 41. Kd1 Nd4 42. d6 1-0

[Event "Floripa Chess Open 2024"]
[Site "Florianopolis"]
[Date "2024.01.26"]
[Round "8.108"]
[White "Reis, Virginia Lagrange M"]
[Black "Dias, Marcelo De Souza"]
[Result "0-1"]
[WhiteElo "1676"]
[BlackElo "1854"]
[PlyCount "52"]
[EventDate "2024.01.20"]
[EventRounds "10"]
[EventCountry "BRA"]

1. e4 c5 2. Nf3 e6 3. b3 Nc6 4. Bb2 d5 5. exd5 exd5 6. d4 Nf6 7. Be2 Bg4 ({RR} 
7... cxd4 8. O-O Bc5 9. Nxd4 O-O 10. Nxc6 bxc6 11. c4 d4 12. Bf3 Qb6 13. Qd3 g6
14. Qd2 Bf5 15. Qf4 Rad8 16. Nd2 Bd6 17. Qh4 c5 18. Rfe1 Rfe8 19. g4 Bf4 20.
gxf5 g5 21. Qh6 Bxd2 22. Rxe8+ {Nevednichy,V (2560)-Filip,L (2469) Eforie Nord
2010 1-0 (31)}) ({RR} 7... Bd6 8. O-O O-O 9. dxc5 Bxc5 10. Ne5 Nxe5 11. Bxe5
Re8 12. Bb2 Ne4 13. Bf3 Qh4 14. Bd4 Bd6 15. g3 Qh6 16. Re1 Bf5 17. Bg2 Rac8 18.
Nc3 Bb4 19. Nxe4 Bxe1 20. Nc5 Bb4 21. Nd3 Ba5 22. Bxd5 {Itkis,B (2329)-Ozates,
T (2251) chess.com INT 2023 0-1 (32)}) 8. c3 $146 ({RR} 8. O-O Be7 9. dxc5 O-O
10. Nbd2 Bxc5 11. h3 Bh5 12. Ne5 Nxe5 13. Bxh5 d4 14. Nf3 Nc6 15. Ne1 Nxh5 16.
Qxh5 Bb6 17. Rd1 Qf6 18. Nd3 Rfe8 19. Rfe1 h6 20. Qg4 a5 21. Qd7 Re7 22. Rxe7
Qxe7 {Valickova,M (2045)-Smistikova,K (2135) Czechia 2003 0-1 (33)}) ({RR} 8.
O-O Be7 9. dxc5 Bxc5 10. Ne5 Bxe2 11. Qxe2 O-O 12. Nxc6 bxc6 13. Nc3 Re8 14.
Qd3 Bd6 15. Rad1 Qc7 16. h3 Re6 17. Rfe1 Rae8 18. Kf1 Bc5 19. g3 Qd7 20. Rxe6
Rxe6 21. Na4 Bd6 22. c4 dxc4 {Brinovec,D (2208)-Petauer,J (1661) Sentjur 2012
1-0 (44)}) 8... cxd4 9. cxd4 Bb4+ 10. Nbd2 O-O 11. O-O Re8 12. Ne5 Bxe2 13.
Qxe2 Nd7 14. Qd3 Ndxe5 15. dxe5 Bxd2 16. Qxd2 Nxe5 17. Rad1 Nc6 18. Rfe1 Qd6
19. Qg5 f6 20. Qh5 g6 21. Qf3 Kg7 22. g3 d4 23. Kf1 Rad8 24. Rxe8 Rxe8 25. Bxd4
Nxd4 26. Qxb7+ Kg8 0-1

[Event "Floripa Chess Open 2024"]
[Site "Florianopolis"]
[Date "2024.01.26"]
[Round "8.112"]
[White "De Souza, Samuel B Ornelas"]
[Black "Cavalcante, Rodrigo Moreira"]
[Result "1-0"]
[WhiteElo "1639"]
[BlackElo "1801"]
[PlyCount "69"]
[EventDate "2024.01.20"]
[EventRounds "10"]
[EventCountry "BRA"]

1. d4 Nf6 2. c4 e6 3. Bg5 Be7 4. Nc3 d5 5. cxd5 exd5 6. e3 O-O 7. Bd3 c6 8.
Nge2 Re8 9. O-O Nbd7 10. Qc2 Nf8 11. f3 Qa5 12. a3 h6 ({RR} 12... Be6 13. b4
Qd8 14. h3 a5 15. b5 c5 16. dxc5 Bxc5 17. Na4 Ba7 18. b6 Bxb6 19. Nxb6 Qxb6 20.
Rfb1 Qa7 21. Qc7 Bc8 22. Nd4 N6d7 23. Bb5 h6 24. Bh4 Rxe3 25. Bf2 Qxd4 26. Qc1
Qf6 27. Bxe3 {Bednarczyk,D (2216)-Flak,P (2205) Jastrzebia Gora POL 2019 0-1  
(51)}) 13. b4 Qd8 14. Bh4 a6 $146 ({RR} 14... Ne6 15. h3 a5 16. Rab1 axb4 17.
axb4 b6 18. Rfd1 Qc7 19. b5 Bb7 20. bxc6 Bxc6 21. Bg3 Qb7 22. Qb3 Nd7 23. Bb5
Ra5 24. Rdc1 Bxb5 25. Nxb5 Nf6 26. Nec3 Rc8 27. Be5 Qd7 28. Rd1 Rc4 29. Bxf6 {
Banas,J (2370)-Jonkman,H (2325) Linz 1996 1-0 (54)}) 15. Rad1 Bd6 16. e4 g5 17.
Bf2 Bc7 18. e5 Nh5 19. Be3 Be6 20. f4 f6 21. fxg5 hxg5 22. Bg6 Bf7 23. Bxf7+
Kxf7 24. Bxg5 Kg8 25. Bxf6 Nxf6 26. Rxf6 Qd7 27. Rdf1 Re7 28. Nf4 Qg4 29. Rf3
Rg7 30. Rg3 Qh4 31. Rxg7+ Kxg7 32. g3 Qg4 33. Ncxd5 Bd8 34. Ne3 Qf3 35. Ne6+
1-0

[Event "Floripa Chess Open 2024"]
[Site "Florianopolis"]
[Date "2024.01.26"]
[Round "8.113"]
[White "Zabala, Antonio Murara"]
[Black "Dos Santos, Welligton Carlos"]
[Result "0-1"]
[WhiteElo "1797"]
[BlackElo "1541"]
[PlyCount "49"]
[EventDate "2024.01.20"]
[EventRounds "10"]
[EventCountry "BRA"]

1. e4 c5 2. Nf3 Nc6 3. Bb5 g6 4. O-O Bg7 5. c3 d6 6. d4 cxd4 7. cxd4 Bd7 8. Nc3
Nf6 ({RR} 8... a6 9. Ba4 Nh6 10. d5 Ne5 11. Nxe5 dxe5 12. Bxd7+ Qxd7 13. Na4
Qb5 14. Bg5 f6 15. Be3 O-O 16. Nb6 Rad8 17. a4 Qe8 18. Qb3 Kh8 19. Rac1 Ng4 20.
Rc7 f5 21. Bc5 Bf6 22. f3 Nh6 23. Rxb7 {Wojtaszek,R (2724)-Markiewicz,J (2315)
Chorzow POL 2019 1-0 (31)}) 9. Be3 ({RR} 9. e5 dxe5 10. dxe5 Nh5 11. Re1 O-O
12. Bg5 h6 13. Bh4 g5 14. Bg3 a6 15. Bc4 Nxg3 16. hxg3 Bg4 17. Qxd8 Raxd8 18.
e6 Bxe6 19. Bxe6 fxe6 20. Rxe6 g4 21. Nh4 Rd2 22. Ne4 Rxb2 23. Rd1 Bd4 {
Kleibel,U (2304)-Souza,G (1898) chess.com INT 2023 1-0 (33)}) 9... O-O 10. a3
$146 ({RR} 10. h3 a6 11. Ba4 b5 12. Bc2 Na5 13. e5 Ne8 14. Bf4 Nc4 15. b3 dxe5
16. dxe5 Na5 17. Qd2 Bc6 18. Qe3 Nc7 19. Rad1 Qc8 20. Nd2 Qb7 21. Nce4 b4 22.
Nc5 Qc8 23. Nde4 Nd5 24. Qg3 Nxf4 {Jurcak,M (1985)-Peska,J (1725) Slovakia
2004 0-1 (56)}) ({RR} 10. h3 a6 11. Be2 Rc8 {1/2-1/2 (11) Cajka,T (2067)
-Uricar,J (2240) Stare Mesto 2010}) 10... a6 11. Bd3 e5 12. dxe5 dxe5 13. Bc4
Bg4 14. h3 Qxd1 15. Rfxd1 Bxf3 16. gxf3 Rac8 17. Ba2 b5 18. Bg5 Nd4 19. Bxf6
Bxf6 20. Kg2 Bg5 21. f4 Bxf4 22. Nd5 Bg5 23. f4 Rc2+ 24. Kf1 Bh4 25. Rdc1 0-1

[Event "Floripa Chess Open 2024"]
[Site "Florianopolis"]
[Date "2024.01.26"]
[Round "8.114"]
[White "Da Cruz, Karoliny Taiane"]
[Black "Monteiro, Samuel Ramazzotte"]
[Result "0-1"]
[WhiteElo "1774"]
[BlackElo "1540"]
[PlyCount "68"]
[EventDate "2024.01.20"]
[EventRounds "10"]
[EventCountry "BRA"]

1. e4 c5 2. Nf3 e6 3. d4 cxd4 4. Nxd4 Nc6 5. Be3 Nf6 6. Nd2 Be7 7. Be2 O-O 8.
O-O d5 9. Nxc6 bxc6 10. e5 Nd7 11. f4 Bc5 12. Bxc5 Nxc5 13. Kh1 Na4 $146 ({RR} 
13... a5 14. Nf3 h6 15. c3 Ba6 16. Bxa6 Rxa6 17. Qe2 Qb6 18. Rab1 a4 19. Nd4
Ne4 20. Qd3 Rfa8 21. Qc2 c5 22. Nf3 c4 23. Nd4 Qd8 24. g3 h5 25. Kg2 a3 26. b3
cxb3 27. Rxb3 Rb6 28. Rxb6 {Wieser,F (1759)-Kolb,W (1615) Ellwangen 2002 1-0  
(45)}) ({RR} 13... Qb6 14. b3 Ba6 15. Bxa6 Qxa6 16. g4 f6 17. Qe1 Rae8 18. Qe3
Nd7 19. Nf3 Qb7 20. h4 fxe5 21. fxe5 c5 22. Kh2 Qb4 23. Kg3 Qb8 24. Rae1 Nf6
25. Nd2 Nd7 26. Nf3 Re7 27. c4 Qb7 28. Ng5 {Konduk,B-Novruzova,N (1753)
Istanbul 2013 0-1 (37)}) 14. Rb1 Rb8 15. Nb3 c5 16. c4 d4 17. Bd3 Qh4 18. Rf3
h6 19. Qd2 Bb7 20. Rg3 f6 21. Qa5 fxe5 22. fxe5 Nb6 23. Nxc5 Qe7 24. Nxb7 Rxb7
25. c5 Nd5 26. Be4 Rxb2 27. Qe1 Rxb1 28. Qxb1 Nc3 29. Bh7+ Kh8 30. Qd3 Qxc5 31.
h3 Qxe5 32. Bg6 Qe1+ 33. Kh2 Ne2 34. h4 Qg1+ 0-1

[Event "Floripa Chess Open 2024"]
[Site "Florianopolis"]
[Date "2024.01.26"]
[Round "8.115"]
[White "Cunha, Angelo"]
[Black "Calcada, Lucas Galvan"]
[Result "0-1"]
[WhiteElo "1598"]
[BlackElo "1770"]
[PlyCount "76"]
[EventDate "2024.01.20"]
[EventRounds "10"]
[EventCountry "BRA"]

1. e4 c5 2. Nf3 g6 3. d4 cxd4 4. Nxd4 Nc6 5. c4 Nf6 6. Nc3 Nxd4 7. Qxd4 d6 8.
Be3 Bg7 9. h3 ({RR} 9. f3 Qa5 10. Qd2 a6 11. Be2 Be6 12. Rc1 Nd7 13. O-O O-O
14. f4 Rfc8 15. b3 Nc5 16. Bf3 Rab8 17. Bd4 Bxd4+ 18. Qxd4 Nd7 19. Kh1 Qc5 20.
Qd2 Nf6 21. Rce1 b5 22. f5 Bd7 23. fxg6 hxg6 {Svidler,P (2723)-Adhiban,B (2659)
chess24.com INT 2020 1-0 (38)}) ({RR} 9. Qd2 O-O 10. Bd3 Ng4 11. Bf4 Be6 12.
O-O Rc8 13. b3 Re8 14. Rac1 Qa5 15. h3 Ne5 16. Bb1 a6 17. Qe3 b5 18. cxb5 axb5
19. Nd5 Bxd5 20. exd5 b4 21. Rfd1 Rxc1 22. Qxc1 Nd7 23. Qc6 Rd8 {Sharma,I  
(2191)-Jaramillo Lopez,A (2183) chess.com INT 2023 1-0 (34)}) 9... O-O 10. Qd2
Be6 11. Be2 $146 ({RR} 11. Rc1 Rc8 12. b3 a6 13. Bd3 b5 14. cxb5 axb5 15. O-O
d5 16. Nxd5 Nxd5 17. Rxc8 Bxc8 18. exd5 Qxd5 19. Be2 Qb7 20. Qa5 Bd7 21. Bf3
Bc6 22. Bxc6 Qxc6 23. Rc1 Qd7 24. Qc7 Qe6 25. Qc6 Qe5 {Woolridge,L (2185)
-Benitah,Y (2397) York 2000 1/2-1/2 (67)}) ({RR} 11. Rc1 Qa5 12. Bd3 Rfc8 13.
b3 Rab8 14. Nb5 Qxd2+ 15. Kxd2 a6 16. Nd4 Nd7 17. f4 Nc5 18. Rhf1 Bd7 19. Rfe1
e5 20. Ne2 f5 21. Nc3 Rf8 22. fxe5 Nxd3 23. Kxd3 dxe5 24. Ke2 Bc6 25. Rcd1 Rfd8
{Saastamoinen,A (2180)-Hartikainen,M (2290) Jyvaskyla 1996 1/2-1/2}) 11... Qd7
12. Bh6 Rfc8 13. Bxg7 Kxg7 14. b3 a6 15. Na4 Qc7 16. O-O Rab8 17. Rac1 Nxe4 18.
Qd4+ Nf6 19. c5 d5 20. b4 Rd8 21. Rfd1 Bd7 22. Nc3 e5 23. Qh4 Be6 24. a3 Rd7
25. c6 bxc6 26. Bxa6 Qa7 27. Bf1 Qxa3 28. Qg3 d4 29. Qxe5 dxc3 30. Qxb8 Rxd1
31. Rxd1 c2 32. Re1 c1=Q 33. Rxc1 Qxc1 34. b5 Bc4 35. bxc6 Bxf1 36. c7 Bb5+ 37.
Kh2 Bd7 38. Qd8 Qc6 0-1

[Event "Floripa Chess Open 2024"]
[Site "Florianopolis"]
[Date "2024.01.26"]
[Round "8.116"]
[White "Vitielo, Alecio Elias"]
[Black "Da Silva, Kauan Salvagni Tele"]
[Result "1/2-1/2"]
[WhiteElo "1768"]
[BlackElo "1517"]
[PlyCount "50"]
[EventDate "2024.01.20"]
[EventRounds "10"]
[EventCountry "BRA"]

1. e4 e6 2. d4 d5 3. e5 c5 4. c3 Nc6 5. Nf3 Qb6 6. a3 Nh6 7. b4 cxd4 8. cxd4
Nf5 9. Be3 Nxe3 10. fxe3 Bd7 11. Bd3 Rc8 ({RR} 11... g6 12. Nc3 Nxb4 13. axb4
Bxb4 14. O-O Bxc3 15. Rc1 Rc8 16. Ng5 O-O 17. Qg4 Bd2 18. Qh3 h5 19. Rxc8 Bxc8
20. Qf3 Qd8 21. Nxf7 Bxe3+ 22. Kh1 Qh4 23. Bxg6 Bg5 24. Bh7+ {1-0 (24) Caruana,
F (2773)-Vallejo Pons,F (2697) Sao Paulo/Bilbao 2012}) 12. O-O Be7 13. Qb3 ({RR
} 13. Qe1 O-O 14. Nc3 f5 15. exf6 Bxf6 16. Na4 Qc7 17. Rc1 Qd6 18. Nc5 Rc7 19.
Kh1 e5 20. Qg3 Re8 21. b5 Nb8 22. dxe5 Bxe5 23. Nxe5 Rxc5 24. Rxc5 Qxc5 25.
Bxh7+ Kxh7 26. Qg6+ Kg8 27. Nxd7 {1-0 (27) Miljanic,B (2331)-Masternak,G (2314)
Struga MKD 2023}) 13... f6 $146 ({RR} 13... Na5 14. Qb2 O-O 15. Qe2 Nc4 16. Nc3
g6 17. Bxc4 Rxc4 18. Qb2 Rfc8 19. Rfc1 a5 20. Nd2 R4c7 21. b5 a4 22. Nxa4 Rxc1+
23. Rxc1 Rxc1+ 24. Qxc1 Qxb5 25. Nc3 Qd3 26. Ndb1 Bg5 27. Kf2 Qxd4 28. exd4 {
Ritscher,J (2295)-Berg,K (2440) Hamburg 2009 0-1 (61)}) 14. exf6 Bxf6 15. Kh1
O-O 16. Nbd2 Be8 17. Rac1 Bf7 18. Qb1 g6 19. b5 Nb8 20. Nb3 Nd7 21. a4 e5 22.
a5 Qd6 23. dxe5 Nxe5 24. Nxe5 Bxe5 25. h3 Be6 1/2-1/2